00527nam a2200169Ia 450000500170000000800410001708200130005824500720007126000430014330000170018665000100020365000080021370000220022194200060024395200930024999900150034220240605005342.0240331s9999 xx 000 0 und d bWOMa346 0aWomen's liberation and politics of religious personal laws in India aBombaybC.G. Shah Memorial Trustc1986 aix, 100 p ., aWoman aLaw aDesai, A.R, eedt cL 001040708LaWERCLbWERCLcSSCd2024-03-31l0o 346 WOMp48r2024-03-31w2024-03-31yL c2858d2858